000 01207aam a2200337 i 4500
999 _c39211
_d39211
001 768714001
003 CO-MdFUSB
005 20240618062712.0
007 ta
008 200730t1990 us |||| |||| 00| 0 spa d
020 _a0829702970
020 _a0829702989
020 _a0829702997
040 _bspa.
_aCO-MdFUSB
_cCO-MdFUSB
_dCO-MdFUSBC
_erda
041 _aspa
082 0 4 _223
_aG 289.9
_b J587s
100 1 _aJeter de Walker, Luisa
_eautor
245 1 0 _aSiembra y cosecha
_c/ Luisa Jeter de Walker
264 1 _aFlorida, Estados Unidos :
_bVida,
_c[1990]
264 4 _c© 1990
300 _a243 páginas
_c; 22 cm
336 _atexto
_btxt
_2rdacontent
337 _2rdamedia
_asin mediación
_bn
338 _2rdacarrier
_avolumen
_bnc
490 _aLa década de la cosecha
505 _aTomo 1 : Reseña histórica de las Asambleas de Dios de México y Centroamérica. -- Tomo 2 : Reseña histórica de las Asambleas de Dios en Argentina, Bolivia, Chile, Paraguay, Perú, Uruguay. -- Tomo 3: Reseña histórica de las Asambleas de Dios en Brasil, Venezuela, Ecuador, República Dominicana y Cuba.
563 _aRústico
650 0 _aMisiones
_9154
942 _cBK
945 _aJTF-925